Statistics for Micronations of the World

Click here to take the quiz!

General Stats

  • This quiz has been taken 112 times
  • The average score is 11 of 25

Answer Stats

ContinentNation% Correct
EuropeVatican City
96%
EuropeSan Marino
86%
EuropeMonaco
79%
EuropeAndorra
74%
EuropeLiechtenstein
65%
OceaniaNauru
49%
OceaniaPalau
47%
AsiaSingapore
45%
OceaniaFederated States of Micronesia
44%
EuropeMalta
42%
OceaniaTuvalu
42%
AmericasAntigua and Barbuda
38%
AmericasGrenada
36%
AfricaSeychelles
35%
OceaniaTonga
35%
AmericasBarbados
34%
OceaniaKiribati
32%
AmericasSt Lucia
32%
AmericasSt Kitts and Nevis
31%
AmericasSt Vincent and the Grenadines
31%
AfricaSão Tomé and Príncipe
30%
AsiaMaldives
27%
AsiaBahrain
23%
AmericasDominica
23%
OceaniaMarshall Islands
22%

Score Distribution

Percentile by Number Answered

Percent of People with Each Score

Your Score History

You have not taken this quiz